Riadenie pohľadávok v malých a stredných podnikoch bakalárska práca

Salvato in:
Dettagli Bibliografici
Autore principale: Ihnatová, Dominika
Ente Autore: Podnikovohospodárska fakulta EU so sídlom v Košiciach. Katedra ekonómie
Altri autori: Hvastová, Jozefína, 1969-
Natura: Libro
Lingua:slovacco
Pubblicazione: Košice 2022
Tags: Aggiungi Tag
Nessun Tag, puoi essere il primo ad aggiungerne!!

MARC

LEADER 00000nbm a2200000 4500
001 0287387
005 20240827092931.4
041 0 |a slo 
044 |a SK 
245 1 0 |a Riadenie pohľadávok v malých a stredných podnikoch  |b bakalárska práca  |c Dominika Ihnatová ; školiteľ: Jozefína Hvastová 
264 1 |a Košice  |c 2022 
300 |a 63 s. 
100 1 |a Ihnatová, Dominika 
700 1 |a Hvastová, Jozefína, 1969- 
710 2 |a Podnikovohospodárska fakulta EU so sídlom v Košiciach. Katedra ekonómie